A multidimensional poverty index among egyptian youth: evidence from sype 2014 / (Record no. 179001)

MARC details
000 -LEADER
fixed length control field 05238namaa22004331i 4500
003 - CONTROL NUMBER IDENTIFIER
control field EG-GICUC
005 - أخر تعامل مع التسجيلة
control field 20260406104119.0
008 - FIXED-LENGTH DATA ELEMENTS--GENERAL INFORMATION
fixed length control field 260313s2025 ua a|||frm||| 0|0 0 eng d
040 ## - CATALOGING SOURCE
Original cataloguing agency EG-GICUC
Language of cataloging eng
Transcribing agency EG-GICUC
Modifying agency EG-GICUC
Description conventions rda
041 0# - LANGUAGE CODE
Language code of text/sound track or separate title eng
Language code of summary or abstract eng
-- ara
049 ## - Acquisition Source
Acquisition Source Deposit
082 04 - DEWEY DECIMAL CLASSIFICATION NUMBER
Classification number 310
092 ## - LOCALLY ASSIGNED DEWEY CALL NUMBER (OCLC)
Classification number 310
Edition number 21
097 ## - Degree
Degree M.Sc
099 ## - LOCAL FREE-TEXT CALL NUMBER (OCLC)
Local Call Number Cai01.03.01.M.Sc.2025.Ba.M
100 0# - MAIN ENTRY--PERSONAL NAME
Authority record control number or standard number Basma Gamal Abdelfattah Hassan,
Preparation preparation.
245 12 - TITLE STATEMENT
Title A multidimensional poverty index among egyptian youth: evidence from sype 2014 /
Statement of responsibility, etc. by Basma Gamal Abdelfattah Hassan ; Supervised Prof. Mohamed Ismail, Prof. Dina M. Armanious.
246 15 - VARYING FORM OF TITLE
Title proper/short title دراسة مؤشر الفقر متعدد الابعاد بين الشباب المصري - أدلة من SYPE 2014
264 #0 - PRODUCTION, PUBLICATION, DISTRIBUTION, MANUFACTURE, AND COPYRIGHT NOTICE
Date of production, publication, distribution, manufacture, or copyright notice 2025.
300 ## - PHYSICAL DESCRIPTION
Extent 74 pages :
Other physical details illustrations ;
Dimensions 30 cm. +
Accompanying material CD.
336 ## - CONTENT TYPE
Content type term text
Source rda content
337 ## - MEDIA TYPE
Media type term Unmediated
Source rdamedia
338 ## - CARRIER TYPE
Carrier type term volume
Source rdacarrier
502 ## - DISSERTATION NOTE
Dissertation note Thesis (M.Sc)-Cairo University, 2025.
504 ## - BIBLIOGRAPHY, ETC. NOTE
Bibliography, etc. note Bibliography: pages 73-74.
520 #3 - SUMMARY, ETC.
Summary, etc. In recent years, there has been an increasing emphasis on addressing poverty, <br/>particularly in developing countries, following the United Nations' declaration of the <br/>Sustainable Development Goals in 2015. This thesis applies the Alkire and Foster <br/>methodology to construct a multidimensional index for assessing poverty among <br/>young people in Egypt. The study also employs parsimony analysis to evaluate the <br/>complexity of the index and uses sensitivity analysis to assess its robustness. <br/><br/>The analysis is based on data from 2014 Survey of Young People in Egypt <br/>SYPE, focusing on poverty from a deprivation perspective. The thesis is structured <br/>into six chapters. The first chapter presents the introduction, research objectives, and <br/>the structure of the study. Chapter two reviews the relevant literature and outlines the <br/>conceptual framework. Chapter three details the data source, data preparation, and <br/>methodology, including the proposed Multidimensional Poverty Index <br/>(MPI_YOUTH). Chapter four presents the results of the MPI_YOUTH for Egyptian <br/>youth in 2014. Chapter five examines the parsimony and robustness of the index. <br/>Finally, chapter six provides the thesis conclusion and offers recommendations based <br/>on the findings.
520 #3 - SUMMARY, ETC.
Summary, etc. لطالما كان قياس الفقر من خلال نهج الحرمان متعدد الأبعاد مكملاً للطرق التقليدية القائمة على الدخل. وقد قام الباحثون بتكييف مؤشر الفقر متعدد الأبعاد الأصلي (MPI) ليعكس بشكل أفضل الخصائص الفريدة للدول المختلفة، مما أدى إلى تطوير مؤشرات وطنية تختلف من حيث المؤشرات، والأوزان، ومستويات الفقر.<br/>تمثل هذه الدراسة المحاولة الأولى لتطوير مؤشر الفقر متعدد الأبعاد للشباب في مصر (MDPI)، باستخدام الأفراد وليس الأسر كوحدة للتحليل، من خلال تطبيق منهجية ألكير وفوستر. تستند بيانات بناء المؤشر إلى أحدث مسح للشباب في مصر (SYPE، 2014)، مع التركيز على الأفراد الذين تتراوح أعمارهم بين 14 و35 عامًا، والذين يمثلون جزءًا كبيرًا من سكان مصر. يتكون المؤشر من أربعة أبعاد: الإسكان والخدمات الأساسية، التعليم، العمل والحماية الاجتماعية، والصحة والعنف، ويتم تقييم كل بعد من خلال مؤشرات محددة تعكس جوانب مختلفة من الفقر. تستكشف الدراسة أيضًا بساطة المؤشرات باستخدام طرق مختلفة للارتباط، كما تقيم مدى ثبات المؤشر من خلال تحليل الحساسية.<br/>تشير النتائج بشكل عام إلى أن حوالي 54% من الشباب كانوا يعانون من الفقر متعدد الأبعاد في عام 2014 في مصر، مع وجود فروقات كبيرة بين المناطق الريفية والحضرية. ويظهر التحليل الإحصائي للمؤشر أنه يعكس حالة الفقر بشكل جيد، مع الحفاظ على بساطة نسبية وثبات عالٍ عند تغير الأوزان والمؤشرات ومستوى الفقر.
530 ## - ADDITIONAL PHYSICAL FORM AVAILABLE NOTE
Issues CD Issues also as CD.
546 ## - LANGUAGE NOTE
Text Language Text in English and abstract in Arabic & English.
650 #0 - SUBJECT ADDED ENTRY--TOPICAL TERM
Topical term or geographic name entry element Statistics
650 #0 - SUBJECT ADDED ENTRY--TOPICAL TERM
Topical term or geographic name entry element الاحصاء
653 #1 - INDEX TERM--UNCONTROLLED
Uncontrolled term MPI_YOUTH
-- Young People
-- Alkire and Foster Methodology
-- SYPE
-- Parsimony
-- Robustness
-- (MDPI) منهجية ألكير وفوستر
-- مؤشر الفقر متعدد الأبعاد
700 0# - ADDED ENTRY--PERSONAL NAME
Personal name Mohamed Ismail
Relator term thesis advisor.
700 0# - ADDED ENTRY--PERSONAL NAME
Personal name Dina M. Armanious
Relator term thesis advisor.
900 ## - Thesis Information
Grant date 01-01-2025
Supervisory body Mohamed Ismail
-- Dina M. Armanious
Universities Cairo University
Faculties Faculty of Economics and Political Science
Department Department of Statistics
905 ## - Cataloger and Reviser Names
Cataloger Name Shimaa
Reviser Names Eman Ghareb
942 ## - ADDED ENTRY ELEMENTS (KOHA)
Source of classification or shelving scheme Dewey Decimal Classification
Koha item type Thesis
Edition 21
Suppress in OPAC No
Holdings
Source of classification or shelving scheme Home library Current library Date acquired Inventory number Full call number Barcode Date last seen Effective from Koha item type
Dewey Decimal Classification المكتبة المركزبة الجديدة - جامعة القاهرة قاعة الرسائل الجامعية - الدور الاول 13.03.2026 93547 Cai01.03.01.M.Sc.2025.Ba.M 01010110093547000 13.03.2026 13.03.2026 Thesis
Cairo University Libraries Portal Implemented & Customized by: Eng. M. Mohamady Contacts: new-lib@cl.cu.edu.eg | cnul@cl.cu.edu.eg
CUCL logo CNUL logo
© All rights reserved — Cairo University Libraries
CUCL logo
Implemented & Customized by: Eng. M. Mohamady Contact: new-lib@cl.cu.edu.eg © All rights reserved — New Central Library
CNUL logo
Implemented & Customized by: Eng. M. Mohamady Contact: cnul@cl.cu.edu.eg © All rights reserved — Cairo National University Library